| 000 | 00510nam a22001577a 4500 | ||
|---|---|---|---|
| 999 |
_c123882 _d123882 |
||
| 008 | 151215b xxu||||| |||| 00| 0 eng d | ||
| 020 | _a9781853398759 | ||
| 050 | _aHN49.C6.S356 2015 | ||
| 100 |
_aScoones, Ian _921326 |
||
| 245 |
_aSustainable livelihoods and rural development _c/ by Ian Scoones |
||
| 260 |
_aWarwickshire _bPractical Action Publishing Ltd _c2015 |
||
| 300 |
_axviii, 149p. _c21cm. |
||
| 650 |
_aCommunity development _98596 |
||
| 650 |
_aRural development _921327 |
||
| 942 |
_2lcc _cMONOGRAPH |
||